ბათუმის შოთა რუსთაველის სახელმწიფო უნივერსიტეტის ბიბლიოთეკა

სუფთა სათავსების ტექნოლოგია : (ბიბ.ჩანაწერი № 36361)

000 -ლიდერი
ფიქსირებული სიგრძის საკონტროლო ველი 01320nam a2200241Ia 4500
001 - საკონტროლო ნომერი
საკონტროლო ველი 2273
003 - საკონტროლო ნომრის იდენტიფიკატორი
საკონტროლო ველი GE_BSU
005 - ბოლო ოპერაციის თარიღი და დრო
საკონტროლო ველი 20190502121633.0
008 - ფიქსირებული სიგრძის მონაცემთა ელემენტები - ზოგადი ინფორმაცია
ფიქსირებული სიგრძის საკონტროლო ველი 181216s2009||||ge |||||||||||||| ||geo||
020 ## - წიგნის საერთაშორისო სტანდარტული ნომერი
International Standard Book Number 9789941906411
040 ## - კატალოგიზაციის წყარო
Transcribing agency GE_BSU
041 ## - ენის კოდი
Language code of text/sound track or separate title geo
080 ## - უნივერსალური ათობითი კლასიფიკაციის ინდექსი
Universal Decimal Classification number 35.088.2+005.931 უ–13
100 ## - მთავარი ჩანაწერი - პიროვნების სახელი
Personal name უაიტი, უილიამ
9 (RLIN) 644
245 ## - ცნობა სათაურის შესახებ
Title სუფთა სათავსების ტექნოლოგია :
Remainder of title პროექტირების გამოცდისა და ექსპლოატაციის საფუძვლები /
Statement of responsibility, etc უილიამ (ბილ) უაიტი ; [მთარგმნ. მაყვალა ჩირიკაშვილი] ; თარგმანის რედ. მამუკა ჯანაშვილი.
264 ## - წარმოების, გამოცემის, დისტრიბუციის და სხვა ცნობები
გამოცემის, წარმოების, დისტრიბუციის... ადგილი თბილისი :
გამოცემის, წარმოების, დისტრიბუციის... სახელწოდება მთაწმინდელი,
გამოცემის, წარმოების, დისტრიბუციის... თარიღი 2009
300 ## - ფიზიკური აღწერა
Extent 356 გვ.:
Other physical details სურ.;
Dimensions 21 სმ.
653 ## - INDEX TERM--UNCONTROLLED
Uncontrolled term ტექნოლოგია
653 ## - INDEX TERM--UNCONTROLLED
Uncontrolled term სუფთა სათავსის ტექნოლოგია
700 ## - ADDED ENTRY--PERSONAL NAME
Personal name ჯანაშვილი,მამუკა
Relator term რედაქტორი
9 (RLIN) 645
700 ## - ADDED ENTRY--PERSONAL NAME
Personal name ჩირიკაშვილი, მაყვალა
Relator term მთარგმნელი
9 (RLIN) 646
942 ## - ADDED ENTRY ELEMENTS (KOHA)
Koha item type წიგნი
Source of classification or shelving scheme
ეგზემპლარები
ჩამოწერის სტატუსი დაკარგული ეგზემპლარის სტატუსი კლასიფიკაციის წყარო ან თაროზე გაწყობის სქემა დაზიანების სტატუსი არ გაიცემა მუდმივი მდებარეობა (დაცვის ადგილი) ამჟამინდელი ადგილსამყოფელი თაროზე განთავსების ადგილი შეძენის თარიღი ღირებულება, შესყიდვის ნორმალური ფასი სრული შენახვის შიფრი შტრიხკოდი ბოლო ოპერაციის თარიღი ეგზემპლარის მიმდევრობითი ნომერი (კეტერი?) ფასის ძალაში შესვლის თარიღი ეგზემპლარის სახეობა საჯარო შენიშვნა
          ბათუმის შოთა რუსთაველის სახელმწიფო უნივერსიტეტის მთავარი ბიბლიოთეკა ბათუმის შოთა რუსთაველის სახელმწიფო უნივერსიტეტის მთავარი ბიბლიოთეკა წიგნსაცავი 2018-12-17 20.00 35.088.2+005.931 უ–13 4084 2018-12-17 4084 2018-12-17 წიგნი 20 ლ.
          ბათუმის შოთა რუსთაველის სახელმწიფო უნივერსიტეტის მთავარი ბიბლიოთეკა ბათუმის შოთა რუსთაველის სახელმწიფო უნივერსიტეტის მთავარი ბიბლიოთეკა წიგნსაცავი 2018-12-17 20.00 35.088.2+005.931 უ–13 4085 2018-12-17 4085 2018-12-17 წიგნი 20 ლ.
          ბათუმის შოთა რუსთაველის სახელმწიფო უნივერსიტეტის მთავარი ბიბლიოთეკა ბათუმის შოთა რუსთაველის სახელმწიფო უნივერსიტეტის მთავარი ბიბლიოთეკა წიგნსაცავი 2018-12-17 20.00 35.088.2+005.931 4086 2018-12-17 4086 2018-12-17 წიგნი 20 ლ.
          ბათუმის შოთა რუსთაველის სახელმწიფო უნივერსიტეტის მთავარი ბიბლიოთეკა ბათუმის შოთა რუსთაველის სახელმწიფო უნივერსიტეტის მთავარი ბიბლიოთეკა წიგნსაცავი 2018-12-17   35.088.2+005.931 უ–13 4087 2018-12-17 4087 2018-12-17 წიგნი 20 ლ.
          ბათუმის შოთა რუსთაველის სახელმწიფო უნივერსიტეტის მთავარი ბიბლიოთეკა ბათუმის შოთა რუსთაველის სახელმწიფო უნივერსიტეტის მთავარი ბიბლიოთეკა წიგნსაცავი 2018-12-17 20.00 35.088.2+005.931 უ–13 4088 2018-12-17 4088 2018-12-17 წიგნი 20 ლ.